Collins COBUILD English guides 6: homophones (Record no. 79463)

MARC details
000 -LEADER
fixed length control field 00800nam a2200193 a 4500
008 - FIXED-LENGTH DATA ELEMENTS--GENERAL INFORMATION
fixed length control field 090311s1995 ||||||||||||||||| || u
020 ## - INTERNATIONAL STANDARD BOOK NUMBER
International Standard Book Number 000370565X
050 ## - LIBRARY OF CONGRESS CALL NUMBER
Classification number PE 1595 Col
110 ## - MAIN ENTRY--CORPORATE NAME
Corporate name or jurisdiction name as entry element HarperCollins Publishers
245 10 - TITLE STATEMENT
Title Collins COBUILD English guides 6: homophones
260 ## - PUBLICATION, DISTRIBUTION, ETC.
Place of publication, distribution, etc. London.
Name of publisher, distributor, etc. HarperCollins
Date of publication, distribution, etc. 1995
300 ## - PHYSICAL DESCRIPTION
Extent xv, 240p.
350 ## -
-- 0.00
490 ## -
-- The COBUILD series
650 ## - SUBJECT ADDED ENTRY--TOPICAL TERM
Topical term or geographic name entry element ENGLISH LANGUAGE--HOMONYMS
650 ## - SUBJECT ADDED ENTRY--TOPICAL TERM
Topical term or geographic name entry element ENGLISH--DICTIONARIES
995 ## -
-- MAIN LIBRARY OPEN ACCESS
-- 0.00
-- 739745
-- CBU-MAIN LIBRARY (Kitwe)
-- 1
-- 0.00
-- PE 1595 COL
-- 1
-- AVAILABLE
-- Mar 31, 2009
-- 739745
-- Main Library Open Access Collection
995 ## -
-- REFERENCE BOOKS
-- 0.00
-- 739748
-- CBU-MAIN LIBRARY (Kitwe)
-- 1
-- 0.00
-- PE 1595 COL
-- 2
-- REFERENCE
-- Apr 1, 2009
-- 739748
-- Reference Collection
999 ## -
-- 79463
-- 79463
Holdings
Withdrawn status Lost status Source of classification or shelving scheme Damaged status Not for loan Permanent Location Current Location Shelving location Date acquired Total Checkouts Full call number Barcode Date last seen Copy number Price effective from Koha item type
          CBU-MAIN LIBRARY, KITWE. CBU-MAIN LIBRARY, KITWE.   06/29/2023   PE 1595 Col 739745 06/29/2023 1 06/29/2023 MONOGRAPH
          CBU-MAIN LIBRARY, KITWE. CBU-MAIN LIBRARY, KITWE.   06/29/2023   PE 1595 Col 739748 06/29/2023 2 06/29/2023 REFERENCE COLLECTION